Alberuni's India : (Record no. 69326)

000 -LEADER
fixed length control field 01286cam a2200337 a 4500
001 - CONTROL NUMBER
control field 609075
003 - CONTROL NUMBER IDENTIFIER
control field NUST - PNEC
005 - DATE AND TIME OF LATEST TRANSACTION
control field 20170116181116.0
008 - FIXED-LENGTH DATA ELEMENTS--GENERAL INFORMATION
fixed length control field 871110r19831910ii 000 0 eng d
035 ## - SYSTEM CONTROL NUMBER
System control number (OCoLC)220878751
035 ## - SYSTEM CONTROL NUMBER
System control number (OCoLC)ocn220878751
035 ## - SYSTEM CONTROL NUMBER
System control number (CStRLIN)NYCG87-B88987
035 ## - SYSTEM CONTROL NUMBER
System control number (NNC)609075
040 ## - CATALOGING SOURCE
Original cataloging agency DFG
Modifying agency NNC
Transcribing agency LIBRARY
082 ## - DEWEY DECIMAL CLASSIFICATION NUMBER
Classification number 954.022 SAC
090 ## - LOCALLY ASSIGNED LC-TYPE CALL NUMBER (OCLC); LOCAL CALL NUMBER (RLIN)
Classification number (OCLC) (R) ; Classification number, CALL (RLIN) (NR) DS418
Local cutter number (OCLC) ; Book number/undivided call number, CALL (RLIN) .B5 1983g
100 1# - MAIN ENTRY--PERSONAL NAME
Personal name Bīrūnī, Muḥammad ibn Aḥmad,
Dates associated with a name 973?-1048.
240 10 - UNIFORM TITLE
Uniform title Tārīkh al-Hind.
Language of a work English
245 10 - TITLE STATEMENT
Title Alberuni's India :
Remainder of title an account of the religion, philosophy, literature, geography, chronology, astronomy, customs, laws and astrology of India about A.D. 1030 /
Statement of responsibility, etc. edited with notes and indices by Edward C Sachau.
260 ## - PUBLICATION, DISTRIBUTION, ETC.
Place of publication, distribution, etc. New Delhi :
Name of publisher, distributor, etc. Oriental Reprint :
-- Distributed by Munshiram Manoharlal,
Date of publication, distribution, etc. 1962
300 ## - PHYSICAL DESCRIPTION
Extent 2 v. in 1 (xlix, 431 p.) ;
Dimensions 22 cm.
534 ## - ORIGINAL VERSION NOTE
Main entry of original Reprint. Originally published: London : Kegan Paul, Trench, Trubner, 1910.
650 ## - SUBJECT ADDED ENTRY--TOPICAL TERM
9 (RLIN) 13204
Topical term or geographic name entry element Alberuni's india
General subdivision General books
651 #0 - SUBJECT ADDED ENTRY--GEOGRAPHIC NAME
Geographic name India
General subdivision Social life and customs.
651 #0 - SUBJECT ADDED ENTRY--GEOGRAPHIC NAME
Geographic name India
General subdivision Religion.
651 #0 - SUBJECT ADDED ENTRY--GEOGRAPHIC NAME
Geographic name India
General subdivision History
Form subdivision Chronology.
700 1# - ADDED ENTRY--PERSONAL NAME
Personal name Sachau, Eduard,
Dates associated with a name 1845-1930.
942 ## - ADDED ENTRY ELEMENTS (KOHA)
Source of classification or shelving scheme
Koha item type Book
948 2# - LOCAL PROCESSING INFORMATION (OCLC); SERIES PART DESIGNATOR (RLIN)
Series part designator, SPT (RLIN) 20100902
b (OCLC) a
c (OCLC) dc21
d (OCLC) MPS
Holdings
Withdrawn status Lost status Source of classification or shelving scheme Damaged status Not for loan Permanent Location Current Location Shelving location Date acquired Total Checkouts Full call number Barcode Date last seen Price effective from Koha item type
          Pakistan Navy Engineering College (PNEC) Pakistan Navy Engineering College (PNEC)       954.022 SAC PNECLIB-007776 10/04/2015   Book
© 2023 Central Library, National University of Sciences and Technology. All Rights Reserved.